| 000 | 00383nam a2200157Ia 4500 | ||
|---|---|---|---|
| 008 | 200103s9999||||xx |||||||||||||| ||und|| | ||
| 020 | _a0273252208, | ||
| 040 | _aIMU-MPC | ||
| 082 | _aColumn-26 | ||
| 100 | _aDiamant, R. M. E. | ||
| 245 | 0 | _aApplied Chemistry for Engineers | |
| 250 | _a3rd Ed. | ||
| 260 |
_bPitman Publishing, London _c1972 |
||
| 300 | _aviii, 360 | ||
| 942 | _cBK | ||
| 999 |
_c7056 _d7056 |
||